Statistiques concernant Personnage du Village de Kumo ( Naruto / Boruto )

Cliquez ici pour prendre le quiz!

Statistiques générales

  • Ce quiz a été pris 14 fois
  • Le résultat moyen est 12 sur 47

Statistiques - réponses

Réponse% Correct
K
100%
Killer B
100%
A
92%
A
92%
A
92%
A
92%
Darui
92%
Omoi
85%
Karui
77%
Kinkaku
77%
Ginkaku
69%
Samui
54%
Yugito
46%
Mabui
38%
C
31%
Motoi
31%
Blue B
23%
F
23%
Atsui
8%
Hippo
8%
J
8%
Tarui
8%
Amai
0%
Armadiko
0%
Batta
0%
Chuji
0%
Don
0%
Furui
0%
Futsu
0%
Gatai
0%
Hiraku
0%
Jingo
0%
Kiyoi
0%
Maroi
0%
Moroi
0%
Musai
0%
Osoi
0%
Osoi
0%
Ran
0%
Rashii
0%
Sekiei
0%
Tajiki
0%
Tango
0%
Tenga
0%
Toroi
0%
Toroi
0%
Yurui
0%

Distribution des résultats

Percentile par nombre de réponses

% des personnes avec chaque résultat

Votre développement - résultats

Vous n’avez pas pris ce quiz